000
00242nam a2200097Ia 4500
008
240331s9999 xx 000 0 und d
082
_b
PRA
100
_a
Charles, N. ed
245
0
_a
Practicing feminism :
_b
Identity, difference, power
942
_c
L
999
_c
1780
_d
1780